Animated TV Show by Character - Statistics

General Stats
  • This quiz has been taken 99 times
  • The average score is 10 of 20
Answer Stats
Character TV Show % Correct
Squidward Tentacles SpongeBob SquarePants
95%
Peter Griffin Family Guy
91%
Norville 'Shaggy' Rogers Scooby Doo, Where Are You!
84%
Ned Flanders The Simpsons
84%
Dr. Heinz Doofenshmirtz Phineas and Ferb
63%
Beast Boy Teen Titans Go!
58%
Princess Bubblegum Adventure Time
57%
Tina Belcher Bob’s Burgers
56%
Dipper Pines Gravity Falls
51%
Stan Marsh South Park
48%
Bubbles The Powerpuff Girls
48%
Barney Rubble The Flintstones
46%
Boo Boo The Yogi Bear Show
43%
Stan Smith American Dad!
38%
Jerry Smith Rick and Morty
34%
Appa Avatar: The Last Airbender
29%
Cosmo S. Spacely The Jetsons
24%
Diane Nguyen BoJack Horseman
19%
Spike Spiegel Cowboy Bebop
15%
Pidge Voltron: Legendary Defender
11%
No matching quizzes found
Score Distribution
Percent of People with Each Score
Percentile by Number Answered
Your Score History
You have not taken this quiz